000 00456nam a22001697a 4500
003 BD-ChCU
005 20251029142946.0
008 251029b bg ||||| |||| 00| 0 ben d
040 _cBD-ChCU
082 _a338.9 SIE
100 _aSimons, Henry C.
_915071
245 _aEconomic policy for a free society.//
_cHenry C. Simons.
260 _aChicago.
_bUniversity press
_c1948
300 _aix, 353p
650 0 _bEconomics.
_915073
942 _2ddc
_cBK
_n0
999 _c108952
_d108952